LIBRARY & INFORMATION CENTRE, KCAET, TAVANUR

ONLINE PUBLIC ACCESS CATALOGUE (OPAC)

DESIGN OF RIDGE PLASTERING ATTACHMENT FOR POWER TILLER (Record no. 17607)

MARC details
000 -LEADER
fixed length control field 00431nam a22001337a 4500
003 - CONTROL NUMBER IDENTIFIER
control field OSt
082 ## - DEWEY DECIMAL CLASSIFICATION NUMBER
Classification number 631
088 ## - REPORT NUMBER
Report number P541
100 ## - MAIN ENTRY--AUTHOR NAME
Personal name GAYATHRI, M. PILLAI
-- PARVATHI, M. BINOD
-- HARITHA, S
-- JYOTHIKRISHNA, S
245 ## - TITLE STATEMENT
Title DESIGN OF RIDGE PLASTERING ATTACHMENT FOR POWER TILLER
260 ## - PUBLICATION, DISTRIBUTION, ETC. (IMPRINT)
Place of publication Thavanur
Year of publication 2022
700 ## - ADDED ENTRY--PERSONAL NAME
Personal name Er Sanju Sukumaran
942 ## - ADDED ENTRY ELEMENTS (KOHA)
Koha item type Project Report
260 ## - PUBLICATION, DISTRIBUTION, ETC. (IMPRINT)
-- Kelappaji College of Agricultural Engineering and Technology
Holdings
Collection code Home library Current library Shelving location Full call number Accession Number Koha item type
Reference KAUAET KAUAET Reference 631 P541 Project Report
free website counter